[Event "Wch U10"]
[Site "Batumi"]
[Date "2022.09.19"]
[Round "4"]
[White "Tatvidze, Davit"]
[Black "Anand, Munkhbat"]
[Result "0-1"]
[WhiteElo "1699"]
[BlackElo "1441"]
[PlyCount "98"]
[EventDate "2022.09.16"]
[EventType "swiss"]
[EventRounds "11"]
[EventCountry "GEO"]
[SourceTitle "EXT 2023"]
[Source "ChessBase"]
[SourceDate "2022.10.05"]
[SourceVersion "1"]
[SourceVersionDate "2022.10.05"]
[SourceQuality "1"]

1. c4 Nf6 2. Nc3 e6 3. e4 d5 4. e5 d4 5. exf6 dxc3 6. bxc3 Qxf6 7. d4 e5 8. Nf3 Nc6 9. Bg5 Qg6 10. d5 Nb8 11. Qd2 f6 12. Be3 Bg4 13. Nh4 Qh5 14. g3 Nd7 15. Be2 Bxe2 16. Qxe2 Qxe2+ 17. Kxe2 Bc5 18. Nf5 Kf7 19. Rab1 b6 20. Rhd1 g6 21. Nh4 g5 22. Nf3 Rad8 23. Nd2 h6 24. Nb3 Bxe3 25. fxe3 f5 26. a4 a5 27. c5 Nf6 28. c4 Ne4 29. cxb6 cxb6 30. Rdc1 Rb8 31. Rc2 Rhc8 32. Rbc1 Nc5 33. Nxc5 bxc5 34. Kd3 Rb4 35. Ra1 Rcb8 36. Rc3 Ke7 37. Rc2 Kd6 38. Kd2 Rb3 39. Ke2 e4 40. Rf1 Ke5 41. Ra1 Rd3 42. Rf1 Rbb3 43. Rd2 Rxe3+ 44. Kf2 Rec3 45. Kg1 e3 46. Rdd1 Rxc4 47. d6 Rd4 48. d7 Rb8 49. Rc1 c4 0-1

[Event "EU-ch Schools U11"]
[Site "Rhodes"]
[Date "2022.04.22"]
[Round "2"]
[White "Tatvidze, Davit"]
[Black "Kuru, Atilla"]
[Result "0-1"]
[WhiteElo "1440"]
[BlackElo "2029"]
[PlyCount "84"]
[EventDate "2022.04.21"]
[EventType "swiss"]
[EventRounds "9"]
[EventCountry "GRE"]
[SourceTitle "CBM 208 Extra"]
[Source "ChessBase"]
[SourceDate "2022.07.31"]
[SourceVersion "1"]
[SourceVersionDate "2022.07.31"]
[SourceQuality "1"]

1. c4 c5 2. Nc3 Nc6 3. g3 g6 4. Bg2 Bg7 5. d3 Nf6 6. e4 d6 7. Nge2 0-0 8. 0-0 a6 9. Rb1 Rb8 10. f4 Qc7 11. a4 e6 12. h3 h5 13. Be3 Rd8 14. b3 Qa5 15. Bd2 Qb6 16. Be3 Qa5 17. Qe1 Nd7 18. Bd2 Qc7 19. g4 hxg4 20. hxg4 Nd4 21. Be3 Nc2 22. Qd2 Nxe3 23. Qxe3 Qb6 24. Qg3 Qb4 25. Nd1 b5 26. axb5 axb5 27. f5 exf5 28. exf5 Ne5 29. Ndc3 Nxg4 30. Nd5 Qd2 31. Ne7+ Kf8 32. Nxg6+ fxg6 33. Qxg4 Qe3+ 34. Kh1 gxf5 35. Rxf5+ Bxf5 36. Qxf5+ Ke7 37. Nf4 Rh8+ 38. Nh3 Rbf8 39. Qe4+ Qxe4 40. dxe4 b4 41. Rg1 Bd4 42. Rb1 Rf2 0-1

[Event "EU-ch Schools U10"]
[Site "Tornelo INT"]
[Date "2021.12.11"]
[Round "4"]
[White "Erdogmus, Yagiz Kaan"]
[Black "Tatvidze, Davit"]
[Result "1-0"]
[WhiteElo "2276"]
[BlackElo "1440"]
[PlyCount "117"]
[EventDate "2021.12.03"]
[EventType "swiss (rapid)"]
[EventRounds "9"]
[EventCountry "NET"]
[SourceTitle "EXT 2023"]
[Source "ChessBase"]
[SourceDate "2022.10.05"]
[SourceVersion "1"]
[SourceVersionDate "2022.10.05"]
[SourceQuality "1"]

1. e4 e5 2. Nf3 Nc6 3. Bb5 a6 4. Ba4 Nf6 5. 0-0 b5 6. Bb3 Be7 7. Re1 0-0 8. c3 d6 9. h3 Bb7 10. d4 h6 11. Nbd2 Re8 12. Nf1 Bf8 13. Ng3 Na5 14. Bc2 c5 15. d5 Nc4 16. b3 Nb6 17. Be3 Bc8 18. Nd2 Bd7 19. a4 Nh7 20. Qe2 bxa4 21. bxa4 a5 22. Reb1 Qc7 23. Qd1 Reb8 24. Bd3 Nc8 25. Nc4 g6 26. f4 f6 27. f5 g5 28. h4 Be8 29. hxg5 hxg5 30. Be2 Nb6 31. Nd2 Qd8 32. Bh5 Nd7 33. Bg6 Bg7 34. Nc4 Qc7 35. Rb5 Ndf8 36. Bxe8 Rxe8 37. Rab1 Ra7 38. Qb3 Re7 39. Rb6 Rd7 40. Qb5 Rd8 41. Rc6 Qe7 42. Nxa5 Rda8 43. Nc4 Rxa4 44. Nxd6 R4a5 45. Qb7 Qxb7 46. Nxb7 Ra1 47. Rxa1 Rxa1+ 48. Kh2 Ra3 49. Bxc5 Rb3 50. Na5 Rb1 51. Rc7 Rd1 52. Nc6 Rd3 53. Ne7+ Kf7 54. Ng6+ Kg8 55. Nh5 Bh6 56. Bxf8 Bxf8 57. Nxf8 Nxf8 58. Nxf6+ Kh8 59. Rf7 1-0

[Event "EU-ch Schools U10"]
[Site "Tornelo INT"]
[Date "2021.12.11"]
[Round "5"]
[White "Tatvidze, Davit"]
[Black "Erdogmus, Yagiz Kaan"]
[Result "0-1"]
[WhiteElo "1440"]
[BlackElo "2276"]
[PlyCount "102"]
[EventDate "2021.12.03"]
[EventType "swiss (rapid)"]
[EventRounds "9"]
[EventCountry "NET"]
[SourceTitle "EXT 2023"]
[Source "ChessBase"]
[SourceDate "2022.10.05"]
[SourceVersion "1"]
[SourceVersionDate "2022.10.05"]
[SourceQuality "1"]

1. d4 Nf6 2. Bf4 g6 3. e3 Bg7 4. Nf3 0-0 5. Be2 d6 6. 0-0 Nbd7 7. h3 b6 8. c3 Bb7 9. Nbd2 c5 10. Re1 Qc7 11. Qc2 a6 12. a4 Rfc8 13. Bf1 Bc6 14. Rec1 Qb7 15. Qd1 b5 16. axb5 axb5 17. Rxa8 Rxa8 18. Ra1 Ra7 19. Ne1 Qa8 20. Rxa7 Qxa7 21. Nd3 Nd5 22. Bg3 c4 23. Nf4 Nxf4 24. Bxf4 Qa2 25. Qb1 Qxb1 26. Nxb1 Nb6 27. Na3 Na4 28. Nc2 Nxb2 29. Nb4 Bb7 30. f3 e5 31. Bg3 Nd1 32. Nc2 Nxc3 33. Be1 exd4 34. exd4 Nd5 35. Kf2 Ba6 36. Ke2 b4 37. Bxb4 c3+ 38. Ke1 Bxf1 39. Kxf1 Bxd4 40. Ke2 Be5 41. Ba5 Nf4+ 42. Kf2 d5 43. Bb6 Ne6 44. Ke3 d4+ 45. Ke4 Bg7 46. Ba7 f5+ 47. Kd3 Nf4+ 48. Kc4 d3 49. Ne3 c2 50. Nxc2 dxc2 51. Be3 Ne2 0-1

[Event "EU-ch Schools U10"]
[Site "Tornelo INT"]
[Date "2021.12.10"]
[Round "1"]
[White "Vasile, Matei"]
[Black "Tatvidze, Davit"]
[Result "1/2-1/2"]
[WhiteElo "1334"]
[BlackElo "1440"]
[PlyCount "149"]
[EventDate "2021.12.03"]
[EventType "swiss (rapid)"]
[EventRounds "9"]
[EventCountry "NET"]
[SourceTitle "EXT 2023"]
[Source "ChessBase"]
[SourceDate "2022.10.05"]
[SourceVersion "1"]
[SourceVersionDate "2022.10.05"]
[SourceQuality "1"]

1. d4 d5 2. Bf4 Nf6 3. e3 c5 4. c3 Qb6 5. Qb3 c4 6. Qc2 Nc6 7. Nd2 g6 8. e4 e6 9. Be2 Bg7 10. e5 Nd7 11. Ngf3 Qc7 12. 0-0 b5 13. a3 a5 14. h3 0-0 15. Bh2 Re8 16. Ne1 Nf8 17. f4 Bd7 18. g4 b4 19. Kh1 bxc3 20. bxc3 Rab8 21. Bf3 Qb6 22. f5 Qb2 23. Ra2 Qxc2 24. Nxc2 Rb6 25. fxe6 fxe6 26. Bf4 Reb8 27. Rfa1 Rb2 28. Bd1 Na7 29. Rxb2 Rxb2 30. Rb1 Rxb1 31. Nxb1 Ba4 32. Ne3 Bxd1 33. Nxd1 Nd7 34. Nb2 Nb6 35. Bg5 Nc6 36. a4 Bf8 37. Kg2 Kf7 38. Kf3 Nd7 39. Bf4 Be7 40. Bg3 Nb6 41. Bf4 Nb8 42. Bg3 Nc6 43. Bf4 Kg7 44. Bg3 Bg5 45. Bf4 Be7 46. Bg3 g5 47. Bf2 Nb8 48. Be3 N8d7 49. Bf2 Nf8 50. Bg3 Ng6 51. Bh2 h6 52. Ke3 Nd7 53. Kf3 Bd8 54. Na3 Nb8 55. Nb5 Nc6 56. Bg3 Bb6 57. Bh2 Nge7 58. Bg3 Na7 59. Nd6 Nec8 60. Nxc8 Nxc8 61. Be1 Bd8 62. Bd2 Be7 63. Bc1 Nb6 64. Ke2 Ba3 65. Kd1 Kf7 66. Kc2 Bxb2 67. Bxb2 Nxa4 68. Ba3 Nb6 69. Bc5 Nd7 70. Bd6 Ke8 71. Kb2 Nb6 72. Bc7 Nd7 73. Bd6 Nb6 74. Bc7 Nd7 75. Bd6 1/2-1/2

[Event "EU-ch Hybrid U10"]
[Site "Tornelo INT"]
[Date "2021.10.15"]
[Round "6"]
[White "Nemitz, Alfred"]
[Black "Tatvidze, Davit"]
[Result "1-0"]
[WhiteElo "1450"]
[BlackElo "1341"]
[PlyCount "67"]
[EventDate "2021.10.15"]
[EventType "swiss"]
[EventRounds "9"]
[EventCountry "NET"]
[SourceTitle "EXT 2023"]
[Source "ChessBase"]
[SourceDate "2022.10.05"]
[SourceVersion "1"]
[SourceVersionDate "2022.10.05"]
[SourceQuality "1"]
[WhiteTeam "Germany"]
[BlackTeam "Georgia"]
[WhiteTeamCountry "GER"]
[BlackTeamCountry "GEO"]

1. d4 d5 2. c4 e6 3. Nc3 a6 4. cxd5 exd5 5. Qb3 c6 6. e4 dxe4 7. Bc4 Qc7 8. a4 a5 9. Nge2 Bf5 10. Bf4 Qd7 11. 0-0 Bb4 12. Ng3 Bg6 13. Ncxe4 Ne7 14. Rad1 0-0 15. Nc5 Qc8 16. Bd6 Re8 17. h4 h5 18. Nce4 Qg4 19. Bxb4 axb4 20. Ng5 Qf4 21. Ne2 Qf5 22. Qxb4 Qd7 23. Nf4 Rf8 24. Rfe1 Qf5 25. Rxe7 Qxf4 26. Rxb7 c5 27. Qxc5 Rxa4 28. Qb5 Ra6 29. Rxb8 Rf6 30. Rxf8+ Kxf8 31. Qc5+ Ke8 32. Qc8+ Ke7 33. Re1+ Kd6 34. Qc5+ 1-0

[Event "EU-ch Hybrid U10"]
[Site "Tornelo INT"]
[Date "2021.10.15"]
[Round "9"]
[White "Tatvidze, Davit"]
[Black "Ahmad, Khagan"]
[Result "0-1"]
[WhiteElo "1341"]
[BlackElo "2009"]
[PlyCount "72"]
[EventDate "2021.10.15"]
[EventType "swiss"]
[EventRounds "9"]
[EventCountry "NET"]
[SourceTitle "EXT 2023"]
[Source "ChessBase"]
[SourceDate "2022.10.05"]
[SourceVersion "1"]
[SourceVersionDate "2022.10.05"]
[SourceQuality "1"]
[WhiteTeam "Georgia"]
[BlackTeam "Azerbaijan"]
[WhiteTeamCountry "GEO"]
[BlackTeamCountry "AZE"]

1. d4 Nf6 2. Bf4 e6 3. e3 c5 4. c3 Nc6 5. Nf3 d5 6. Nbd2 Bd6 7. Bg3 0-0 8. Bd3 Re8 9. Ne5 Bxe5 10. dxe5 Nd7 11. f4 f6 12. Qh5 f5 13. Bh4 Ne7 14. Nf3 Nf8 15. g4 fxg4 16. Ng5 g6 17. Qh6 c4 18. Bc2 Qd7 19. h3 Nf5 20. Bxf5 exf5 21. Bf2 Qg7 22. hxg4 fxg4 23. Qxg7+ Kxg7 24. Bh4 h6 25. 0-0-0 hxg5 26. Bxg5 Bf5 27. Bf6+ Kf7 28. Rh8 Nd7 29. Rh7+ Ke6 30. Bg5 Nc5 31. Rdh1 Nd3+ 32. Kd2 Nf2 33. R1h6 Ne4+ 34. Ke2 Nxg5 35. fxg5 Kxe5 36. Rxb7 Rh8 0-1